| 000 | 00437nam a2200157 i 4500 | ||
|---|---|---|---|
| 001 | 67904 | ||
| 003 | ES-MaACL | ||
| 005 | 20230906170152.0 | ||
| 007 | t| | ||
| 008 | 040216s1928 it ||||1| ita d | ||
| 100 | 1 |
_aGalletti, A. _953609 |
|
| 245 | 1 | 0 |
_aStudi di letteratura inglese / _cAlfredo Galletti. |
| 260 |
_aBologna : _bNicola Zanichelli, _c1928 ( _fA. Cacciari) |
||
| 300 |
_aXIII, 383 p. ; _c19 cm. |
||
| 852 |
_aES-MaACL _jA-2918 |
||
| 999 |
_c67904 _d67904 |
||